| 000 | 00462cam a2200181ua 4500 | ||
|---|---|---|---|
| 020 | _c8.25 | ||
| 041 |
_aeng _h |
||
| 082 |
_a531.11 _bDEI/ME |
||
| 100 | _aDeimel, Richard .F . | ||
| 245 |
_aMechanics of the Gyroscope : The dynamics of rotation / _cF.Richard Deimel. _hTextual Documents |
||
| 250 |
_a2 / _b. |
||
| 260 |
_a : _bDover publication , _c1950. |
||
| 300 | _a192 ; . | ||
| 365 | _a8.25 | ||
| 504 | _a | ||
| 942 | _cBK | ||
| 999 |
_c1539 _d1539 |
||